|
|
|
|
| LEADER |
04340nam a22005175i 4500 |
| 001 |
978-94-007-4939-9 |
| 003 |
DE-He213 |
| 005 |
20151120175055.0 |
| 007 |
cr nn 008mamaa |
| 008 |
120731s2013 ne | s |||| 0|eng d |
| 020 |
|
|
|a 9789400749399
|9 978-94-007-4939-9
|
| 024 |
7 |
|
|a 10.1007/978-94-007-4939-9
|2 doi
|
| 040 |
|
|
|d GrThAP
|
| 050 |
|
4 |
|a QH332
|
| 050 |
|
4 |
|a R724-726.2
|
| 072 |
|
7 |
|a PSAD
|2 bicssc
|
| 072 |
|
7 |
|a MB
|2 bicssc
|
| 072 |
|
7 |
|a MED050000
|2 bisacsh
|
| 082 |
0 |
4 |
|a 610.1
|2 23
|
| 082 |
0 |
4 |
|a 174.2
|2 23
|
| 100 |
1 |
|
|a Mallia, Pierre.
|e author.
|
| 245 |
1 |
4 |
|a The Nature of the Doctor-Patient Relationship
|h [electronic resource] :
|b Health Care Principles through the phenomenology of relationships with patients /
|c by Pierre Mallia.
|
| 264 |
|
1 |
|a Dordrecht :
|b Springer Netherlands :
|b Imprint: Springer,
|c 2013.
|
| 300 |
|
|
|a VI, 86 p. 1 illus.
|b online resource.
|
| 336 |
|
|
|a text
|b txt
|2 rdacontent
|
| 337 |
|
|
|a computer
|b c
|2 rdamedia
|
| 338 |
|
|
|a online resource
|b cr
|2 rdacarrier
|
| 347 |
|
|
|a text file
|b PDF
|2 rda
|
| 490 |
1 |
|
|a SpringerBriefs in Ethics,
|x 2211-8101 ;
|v 2
|
| 505 |
0 |
|
|a Introduction -- CHAPTER 1 Critical overview of principlist theories -- 1.1 The ‘Four-Principles’ Approach -- 1.1.1 Theoretical basis -- 1.1.2 The Paradigm case -- 1.1.3 The doctor-patient relationship -- 1.2 Robert Veatch’s model of Lexical Ordering -- 1.3 The Principle of Permission -- CHAPTER 2 Phenomenological roots of Principles -- 2.1 The nature of the physician-patient relationship -- 2.1.1 Communication -- 2.1.2 Goals of Medicine -- 2.1.3 The ‘care’ in Health Care -- 2.1.4 The special bond -- 2.2 The Principle of Beneficence and virtue -- 2.3 Nonmaleficence -- 2.3.1 Patient authority or trust -- 2.3.2 Epistemology -- 2.4 Respect for Autonomy -- 2.4.1 A historical and epistemological perspective -- 2.4.2 A cultural appraisal -- 2.5 The dual nature of Justice -- 2.5.1 The Justice of society -- 2.5.2 Justice in Health-Care -- CHAPTER 3 Principles as a consequence of the relationship -- 3.1 Need for grounding principles in -- the relationship -- 3.2 Defining the ontological entities -- 3.3 The physician as an entity -- 3.3.1 Levelling-down of medical relationships -- 3.3.2 Being as Understanding -- 3.4 The Patient as entity - potential for being truly-autonomous -- 3.4.1 Dimensions of the illness experience -- 3.4.2 True Autonomy and the Authenticity of the relationship -- 3.5 Hermeneutics of the relationship -- 3.6 Phenomenology of the clinical encounter -- CHAPTER 4 The principle of Justice in a secular society -- 4.1 Being-with-one-another and the Golden Rule -- 4.1.1 Being-with-one-another -- 4.1.2 The Golden Rule -- 4.2 Common Values -- 4.2.1 Implications in Bioethics -- 4.2.2 The naturalistic fallacy -- 4.3 Common morality and Being-with-one-another -- 4.3.1 Confronting rival traditions -- 4.3.2 Being-with-one-another -- CHAPTER 5 The question of social construct theories Reappraising and phenomenology of the doctor-patient relationship.- 5.1 Post-modernism and medicine -- 5.2 Socially constructed theories -- 5.3 A philosophy based on the phenomenology of the relationship -- 5.4 The ontology of the patient, the doctor and the relationship -- 5.5 Truth concealed -- 5.6 The Clinical Encounter -- CHAPTER 6.- Conclusion -- BIBLIOGRAPHY. .
|
| 520 |
|
|
|a This book serves to unite biomedical principles, which have been criticized as a model for solving moral dilemmas by inserting them and understanding them through the perspective of the phenomenon of health care relationship. Consequently, it attributes a possible unification of virtue-based and principle-based approaches.
|
| 650 |
|
0 |
|a Medicine.
|
| 650 |
|
0 |
|a Ethics.
|
| 650 |
|
0 |
|a Medical ethics.
|
| 650 |
|
0 |
|a Health psychology.
|
| 650 |
1 |
4 |
|a Medicine & Public Health.
|
| 650 |
2 |
4 |
|a Theory of Medicine/Bioethics.
|
| 650 |
2 |
4 |
|a Ethics.
|
| 650 |
2 |
4 |
|a Health Psychology.
|
| 710 |
2 |
|
|a SpringerLink (Online service)
|
| 773 |
0 |
|
|t Springer eBooks
|
| 776 |
0 |
8 |
|i Printed edition:
|z 9789400749382
|
| 830 |
|
0 |
|a SpringerBriefs in Ethics,
|x 2211-8101 ;
|v 2
|
| 856 |
4 |
0 |
|u http://dx.doi.org/10.1007/978-94-007-4939-9
|z Full Text via HEAL-Link
|
| 912 |
|
|
|a ZDB-2-SHU
|
| 950 |
|
|
|a Humanities, Social Sciences and Law (Springer-11648)
|